000 00945cam a2200313 a 4500
001 2155
003 FISKH
005 20250407100452.0
008 030326s2004 nyu c 000 1 eng
010 _a 2003005974
020 _a0399241981 (hbk)
020 _a9780142403525
040 _aDLC
_cDLC
_dDLC
_beng
042 _alcac
050 0 0 _aPZ7.B5229
_bWo 2004
082 0 0 _a[Fic]
_221
100 1 _aBirney, Betty G.
245 1 4 _aThe world according to Humphrey /
_cBetty G. Birney.
260 _aNew York :
_bPuffin Books,
_c2004.
300 _a124 pages ;
_c20 cm
505 _aR
520 _aHumphrey, pet hamster at Longfellow School, learns that he has an important role to play in helping his classmates and teacher.
521 8 _a670
_bLexile
521 8 _aR
_bRaz-Plus
650 1 _aHamsters
_vFiction.
650 1 _aSchools
_vFiction.
906 _a7
_bcbc
_corignew
_d1
_eecip
_f20
_gy-gencatlg
942 _2ddc
_cBK
_n0
999 _c2155
_d2155